Who Will Cry When You Die ? (Record no. 11001)

MARC details
000 -LEADER
fixed length control field 00448nam a22001697a 4500
003 - CONTROL NUMBER IDENTIFIER
control field OSt
008 - FIXED-LENGTH DATA ELEMENTS--GENERAL INFORMATION
fixed length control field 210814b ||||| |||| 00| 0 eng d
020 ## - INTERNATIONAL STANDARD BOOK NUMBER
International Standard Book Number 9788179922323
082 ## - DEWEY DECIMAL CLASSIFICATION NUMBER
Classification number 823
Item number SHW
100 G# - MAIN ENTRY--PERSONAL NAME
Personal name SHARMA, Robin
245 ## - TITLE STATEMENT
Title Who Will Cry When You Die ?
Remainder of title Life Lessons From The Monk Who Sold His Ferrari
250 ## - EDITION STATEMENT
Edition statement 125th Imp
260 ## - PUBLICATION, DISTRIBUTION, ETC. (IMPRINT)
Place of publication, distribution, etc Mumbai
Name of publisher, distributor, etc Jaico Books
Date of publication, distribution, etc 2020
300 ## - PHYSICAL DESCRIPTION
Extent 225
650 ## - SUBJECT ADDED ENTRY--TOPICAL TERM
Topical term or geographic name as entry element Motivational
942 ## - ADDED ENTRY ELEMENTS (KOHA)
Source of classification or shelving scheme Dewey Decimal Classification
Koha item type Text Books
942 ## - ADDED ENTRY ELEMENTS (KOHA)
-- 16
Holdings
Withdrawn status Lost status Source of classification or shelving scheme Damaged status Not for loan Collection code Home library Current library Date acquired Source of acquisition Currency Cost, normal purchase price Bill Number Total Checkouts Full call number Acc. no. / Barcode Date last seen Date last borrowed Actual Cost, discounted price Bill Date Koha item type Public note
    Dewey Decimal Classification     GENERAL PIET C-LIBRARY PIET C-LIBRARY 27/09/2021 Prism Books and Stationery Shop IN Rupees 199.00 GST-IN294 20 823 SHW 33276 06/03/2024 20/02/2024 159.20 27/09/2021 Text Books Motivational

Design & Developed by: PIET Central Library
R70 Miles Stone Pattikalyana Samalkha Panipat 132102
mail ID :- [email protected], Phone No:- 0180-2569700 Ex.216